Kết hợp y học cổ truyền với y học hiện đại trong lâm sàng
Shranjeno v:
| Glavni avtor: | |
|---|---|
| Format: | Knjiga |
| Jezik: | Undetermined |
| Izdano: |
Hà Nội
Y học
1982
|
| Teme: | |
| Oznake: |
Označite
Brez oznak, prvi označite!
|
| Thư viện lưu trữ: | Trung tâm Học liệu Trường Đại học Cần Thơ |
|---|
| LEADER | 00592nam a2200181Ia 4500 | ||
|---|---|---|---|
| 001 | CTU_7460 | ||
| 008 | 210402s9999 xx 000 0 und d | ||
| 082 | |a 615.882 | ||
| 082 | |b Kh107 | ||
| 100 | |a Lê Nguyên Khánh | ||
| 245 | 0 | |a Kết hợp y học cổ truyền với y học hiện đại trong lâm sàng | |
| 245 | 0 | |c Lê Nguyên Khánh | |
| 260 | |a Hà Nội | ||
| 260 | |b Y học | ||
| 260 | |c 1982 | ||
| 650 | |a diagnosis,folk medicine,therapeutics | ||
| 904 | |i Nguyễn Quang Điền, 960820 | ||
| 980 | |a Trung tâm Học liệu Trường Đại học Cần Thơ | ||